01810 2200469 4500001002100000005001500021035002000036007000300056008004100059082001400100084001600114100003200130245037700162250003400539300003900573650001900612700003500631700003100666700003500697700003000732700002800762700002800790700002900818700002800847700003200875700003400907700003000941700003400971700003001005700002601035700003701061504003401098264003401132336002101166337003001187338002301217040002201240090002201262850001201284999002201296990002201318INLIS00000000088154920250221111848 a0010-0923000141ta230907s2023 yoia g ind d04223a324.6 a324.6 HAM t0 aHamdan KurniawanePengarang10aTata kelola logistik pemilu dan pilkada :bmembangun profesionalisme pengelolaan logistik di DIY /cHamdan Kurniawan, Moh. Zaenuri Ikhsan, Siti Ghoniyatun, Ahmadi Ruslan Hani, Hidayat Widodo, Ibah Muthiah, Joko Santosa, Mestri Widodo, Widi Purnama, Analis Primadani, Setiawan Isharyadi, Meirio Setyaji, Didik Joko Nugroho, Trapis Haryadi, Yayulianto, Santoso Bayu Putranto aCetakan pertama, Januari 2023 axii, 236 halaman :btabel ;c21 cm 4aPemilihan umum0 aMoh. Zaenuri IkhsanePengarang0 aSiti GhoniyatunePengarang0 aAhmadi Ruslan Hani,ePengarang0 aHidayat WidodoePengarang0 aIbah MuthiahePengarang0 aJoko SantosaePengarang0 aMestri WidodoePengarang0 aWidi PurnamaePengarang0 aAnalis PrimadaniePengarang0 aSetiawan IsharyadiePengarang0 aMeirio SetyajiePengarang0 aDidik Joko NugrohoePengarang0 aTrapis HaryadiePengarang0 aYayuliantoePengarang0 aSantoso Bayu PutrantoePengarang aBibliografi : halaman 222-22331aBantul :bPohon Cahaya,c2023 2rdacontentateks 2rdamediaatanpa perantara 2rdacarrieravolume aYOPDYOGbinderda aCB-D.11 2023-1893 aYOPDYOG aCB-D.11/2023-1893 aCB-D.11/2023-1893